|
|
|
|
| LEADER |
00000nab a2200000 a 4500 |
| 001 |
vtls010259948 |
| 003 |
SK-MaSNL |
| 005 |
20260304161551.0 |
| 008 |
25050709c2009 xo o |||||||||||||||slon |
| 015 |
|
|
|a SNBRB2010/03
|
| 035 |
|
|
|a SVKKK000100006
|
| 035 |
|
|
|a (urnnbn)urn:nbn:sk:snk:ar-005kjk
|
| 035 |
|
|
|a (uuid)cd5ebdc9-ddc7-46d5-8396-7d4590c6984d
|
| 035 |
|
|
|a urn:nbn:sk:snk-ab80o6
|
| 038 |
|
|
|a SVKKK
|
| 040 |
|
|
|a SNKBUCL
|b slo
|c SNKBUCL
|e AACR2
|
| 041 |
0 |
|
|a eng
|
| 044 |
|
|
|a xo
|c SK
|
| 080 |
|
|
|a 550.34.03
|2 1997
|
| 080 |
|
|
|a 004.942
|2 1997
|
| 100 |
1 |
|
|a Strzelczyk, J
|4 aut
|9 1485723
|
| 245 |
1 |
0 |
|a Creation and application of heterogeneous parallel computing environment for seismic modelling
|c J. Strzelczyk, T. Danek
|
| 650 |
0 |
7 |
|a seizmický výskum
|2 SNK
|9 1485724
|
| 650 |
0 |
7 |
|a modelovanie
|2 SNK
|9 15732
|
| 650 |
0 |
7 |
|a paralelné výpočtové systémy
|2 SNK
|9 1485725
|
| 700 |
1 |
|
|a Danek, T.
|4 aut
|9 1173530
|
| 773 |
0 |
|
|t Mineralia slovaca
|g Roč. 41, č. 3 (2009)
|g Č. 3 (2009), s. 370
|x 0369-2086
|
| 773 |
0 |
|
|t Geovestník
|g Roč. 41, č. 3 (2009)
|g Č. 3 (2009), s. 370
|x 0369-2086
|
| 850 |
|
|
|a Slovenská národná knižnica
|
| 852 |
|
|
|a Slovenská národná knižnica
|
| 958 |
|
|
|a article9
|
| 958 |
|
|
|a OND
|
| 958 |
|
|
|a EUIPO
|
| 999 |
|
|
|c 2971621
|d 2973551
|